| 000 | 00964cam a22003134a 4500 | ||
|---|---|---|---|
| 001 | 29049 | ||
| 005 | 20230404130051.0 | ||
| 008 | 030501s2001 cu 001 0 spa | ||
| 035 | _a(DLC)13263282 | ||
| 035 | _a(DLC)2003466919 | ||
| 035 | _a13263282 | ||
| 925 | 0 |
_aacquire _b1 shelf copy _xpolicy default |
|
| 942 |
_2lcc _cbk |
||
| 010 | _a2003466919 | ||
| 020 | _a8460731596 | ||
| 035 | _a(CVcHKB)kb2001068016 | ||
| 040 |
_aDLC _cDLC |
||
| 042 | _apcc | ||
| 050 | 1 | 4 |
_a107 NA 803 _bC965q 2001 |
| 082 | 0 | 0 |
_a720/.97291 _221 |
| 100 | 1 | _aCuevas Toraya, Juan De las. | |
| 245 | 1 | 0 |
_a500 años de construcciones en Cuba / _cJuan De las Cuevas Toraya con la colaboración del Gonzalo Sala Santos y Abelardo Padrón Valdés. |
| 260 |
_aLa Habana : _bChavín Servicios Gráficos y Editoriales, _c2001. |
||
| 300 |
_a562 p. : _bill. ; _c33 cm. |
||
| 650 | 0 | _aArchitecture. | |
| 651 | 0 | _aCuba. | |
| 923 |
_d20030506 _n48381 _sCVcHKB |
||
| 985 | _eVENDOR LOAD | ||
| 999 |
_c10312 _d10312 |
||